75 aniversari : cursos acadèmics i altres activitats : publicacions : representacions teatrals : teatres de l'Institut / Institut del Teatre cursos acadèmics i altres activitats :
Descripción Física:
[20] p. ; 21 cm
MARC
| LEADER | 00000nam a2200000Ia 4500 | ||
|---|---|---|---|
| 001 | 17950 | ||
| 008 | 160829s1988 xx 000 0 cat d | ||
| 080 | |a FU-49-13 | ||
| 110 | 1 | |a Institut del Teatre (Barcelona, Catalunya) |9 52662 | |
| 245 | |a 75 aniversari : |b cursos acadèmics i altres activitats : |b publicacions : |b representacions teatrals : |b teatres de l'Institut / Institut del Teatre | ||
| 260 | |a Barcelona : |b Diputació de Barcelona : |b Institut del Teatre, |c 1988 | ||
| 300 | |a [20] p. ; |c 21 cm | ||
| 590 | |a A la coberta: Programa d'activitats 1988 | ||
| 610 | 1 | 0 | |a Institut del Teatre (Barcelona, Catalunya) |9 52662 |
| 710 | 1 | |a Barcelona (Catalunya : Província). |b Diputació |9 52408 | |
| 901 | |a Arxiu | ||
| 942 | |n 1 | ||
| 952 | |0 0 |1 0 |4 0 |6 FU4913 |7 1 |9 42286 |a Arxiu |b Arxiu |d 2016-12-01 |l 0 |o FU-49-13 |p 17950 |r 2016-12-01 00:00:00 |w 2016-12-01 |y ARXIU | ||
| 999 | |c 44764 |d 44764 | ||